000 00383nam a2200145Ia 4500
008 230312s9999||||xx |||||||||||||| ||und||
020 _a9789699739095
082 _a891.4
_bMAJ-G
100 _aمیجر آفتاب احمد
245 0 _aجنرل کے قلعےسےملکہ کی جیل میں
260 _bJamhori
_apak
_c2012
300 _a198
650 _aLiterature
942 _cBK
999 _c14918
_d14918